000 00788nam a2200229 i 4500
001 87156
003 ES-MaACL
005 20250910211905.0
007 t|
008 041220s1971 sp ||||1| spa d
100 1 _aKönig, René.
_968442
245 1 0 _aSociología de la comunidad local /
_cRené König ; [traductor: Carlos Moya ; presentación: Enrique Martín López].
260 _a[Madrid :
_bEuroamérica,
_c1971]
300 _aXV, 9, 298 p. ;
_c18 cm.
490 1 _aColección Fundación Foessa. Serie Síntesis
650 0 4 _aGrupos sociales.
_913166
700 1 _aMoya, Carlos.
_9184026
700 1 _aMartín López, Enrique.
_977541
830 0 _aColección Fundación Foessa. Serie Síntesis
_9184027
852 _aES-MaACL
_jC-49196
_bR.77535
999 _c87156
_d87156